[Event "London Classic Superrapid"]
[Site "London ENG"]
[Date "2016.12.17"]
[Round "3.6"]
[White "Istratescu, Andrei"]
[Black "Adair, James R"]
[Result "1-0"]
[WhiteTitle "GM"]
[BlackTitle "IM"]
[WhiteElo "2596"]
[BlackElo "2489"]
[WhiteFideId "1200372"]
[BlackFideId "406252"]
[EventDate "2016.12.17"]

1. d4 Nf6 2. c4 e6 3. Nf3 b6 4. g3 Ba6 5. Qb3 Nc6 6. Nbd2 d5 7. Qa4 Bb7 8. cxd5
exd5 9. Ne5 Bd6 10. Ndf3 O-O 11. Bg5 Nb8 12. Bg2 h6 13. Bxf6 Qxf6 14. O-O c5 15.
Rfd1 cxd4 16. Qxd4 Re8 17. Nc4 dxc4 18. Qxf6 gxf6 19. Rxd6 Na6 20. Rxf6 Rad8 21.
e3 Bxf3 22. Bxf3 Rd2 23. Rc1 Kg7 24. Rc6 Rxb2 25. R1xc4 Re6 26. Rxe6 fxe6 27.
Ra4 Nc5 28. Rxa7+ Kf6 29. Kf1 Rb1+ 30. Kg2 Rb2 31. g4 Nd3 32. Rh7 Nxf2 33. Rxh6+
Kg7 34. Rxe6 Ne4+ 35. Kf1 Ng5 36. Re7+ Kf6 37. Re8 Nxf3 38. Rf8+ Kg5 39. Rxf3
Rxh2 40. Rf2 Rh1+ 41. Ke2 Kxg4 42. Kd3 Rd1+ 43. Ke4 Kg3 44. Rf6 Rd2 45. Rxb6
Rxa2 46. Rg6+ Kh4 47. Kf4 Kh5 48. Rg8 Ra6 49. e4 1-0

[Event "London Classic Superrapid"]
[Site "London ENG"]
[Date "2016.12.17"]
[Round "3.7"]
[White "Aravindh, Chithambaram VR."]
[Black "Smirin, Ilia"]
[Result "0-1"]
[WhiteTitle "GM"]
[BlackTitle "GM"]
[WhiteElo "2566"]
[BlackElo "2669"]
[WhiteFideId "5072786"]
[BlackFideId "2801990"]
[EventDate "2016.12.17"]

1. Nf3 Nf6 2. g3 g6 3. Bg2 Bg7 4. O-O O-O 5. c4 d6 6. Nc3 Nc6 7. d3 h6 8. Rb1 e5
9. b4 Be6 10. b5 Ne7 11. a4 Qc8 12. Re1 Bh3 13. Bh1 Rb8 14. a5 Qf5 15. b6 axb6
16. axb6 c6 17. Ba3 Rbd8 18. Qb3 Qh5 19. Rbd1 Ng4 20. Ne4 Nf5 21. e3 Kh8 22. d4
exd4 23. exd4 Rfe8 24. c5 d5 25. Nd6 Nxd6 26. cxd6 Qf5 27. Bc5 Rxe1+ 28. Rxe1
Bf8 29. Qb4 Kg7 30. Re2 Nf6 31. Ne5 Bxd6 32. Bxd6 Rxd6 33. Bg2 Re6 34. Bxh3 Qxh3
35. f3 Qf5 36. Rf2 Re8 37. Kg2 Nd7 38. g4 Qe6 39. Nd3 Qe3 40. Nb2 h5 41. Qd6 Nf6
42. h3 hxg4 43. hxg4 Qxd4 44. Qc7 Re1 45. Qc8 Rb1 46. g5 Nh5 47. Qg4 Nf4+ 0-1

[Event "London Classic Superrapid"]
[Site "London ENG"]
[Date "2016.12.17"]
[Round "3.8"]
[White "Safarli, Eltaj"]
[Black "Camus de Solliers, Guillaume"]
[Result "1-0"]
[WhiteTitle "GM"]
[BlackTitle "FM"]
[WhiteElo "2691"]
[BlackElo "2362"]
[WhiteFideId "13402129"]
[BlackFideId "631256"]
[EventDate "2016.12.17"]

1. e4 c5 2. Nf3 e6 3. Nc3 Nc6 4. Bb5 Qc7 5. O-O a6 6. Bxc6 Qxc6 7. d4 cxd4 8.
Nxd4 Qc7 9. Re1 b5 10. Qf3 Qe5 11. Rd1 Bb7 12. Bf4 Qc5 13. Nb3 Qb6 14. a4 Nf6
15. axb5 axb5 16. Be3 Qd8 17. Nxb5 Rxa1 18. Rxa1 Bxe4 19. Qg3 Bc6 20. Nc7+ Ke7
21. Bb6 Qc8 22. Nd4 Qb7 23. Nf5+ 1-0

[Event "London Classic Superrapid"]
[Site "London ENG"]
[Date "2016.12.17"]
[Round "3.9"]
[White "Powierski, Emil"]
[Black "Gharamian, Tigran"]
[Result "1-0"]
[BlackTitle "GM"]
[WhiteElo "2317"]
[BlackElo "2621"]
[WhiteFideId "4656199"]
[BlackFideId "13301527"]
[EventDate "2016.12.17"]

1. e4 g6 2. d4 Bg7 3. Nc3 a6 4. f4 d5 5. Nxd5 e6 6. Nc3 Qxd4 7. Qxd4 Bxd4 8. Bd2
Ne7 9. Nf3 Bg7 10. O-O-O b6 11. Bd3 Bb7 12. f5 exf5 13. exf5 O-O 14. Bg5 Nxf5
15. Bxf5 gxf5 16. Nh4 Bxc3 17. bxc3 Be4 18. Rhf1 f6 19. Bh6 Re8 20. Nxf5 Kf7 21.
g4 Bxf5 22. gxf5 Nc6 23. Rg1 Rg8 24. Rd7+ Ne7 25. Re1 Rge8 26. Rg1 Rg8 27. Re1
Rge8 28. Rxc7 Rad8 29. c4 a5 30. Kb1 b5 31. cxb5 Rd5 32. c4 Rxf5 33. Bc1 1-0

[Event "London Classic Superrapid"]
[Site "London ENG"]
[Date "2016.12.17"]
[Round "3.10"]
[White "Jones, Gawain C B"]
[Black "Bukojemski, Adam"]
[Result "1-0"]
[WhiteTitle "GM"]
[WhiteElo "2667"]
[BlackElo "2214"]
[WhiteFideId "409561"]
[BlackFideId "1114620"]
[EventDate "2016.12.17"]

1. e4 c5 2. Nc3 Nc6 3. Nf3 d6 4. Bb5 Bd7 5. O-O e6 6. Re1 Nf6 7. d4 cxd4 8. Nxd4
Nxd4 9. Bxd7+ Nxd7 10. Qxd4 Qb6 11. Qxb6 Nxb6 12. Nb5 Kd7 13. Bf4 e5 14. Be3 Kc6
15. a4 Nc8 16. Ra3 a6 17. Rc3+ Kd7 18. Nc7 Rb8 19. Nd5 Ne7 20. Rc7+ Ke6 21. Rd1
Nc6 22. b4 f5 23. f3 f4 24. Bf2 g5 25. b5 axb5 26. axb5 Nd8 27. Ra1 h5 28. Ba7
Ra8 29. Nb6 Rxa7 30. Rxa7 Be7 31. Nd5 Bf6 32. Ra8 1-0

[Event "London Classic Superrapid"]
[Site "London ENG"]
[Date "2016.12.17"]
[Round "3.11"]
[White "Karthikeyan, Murali"]
[Black "Lenderman, Aleksandr"]
[Result "1/2-1/2"]
[WhiteTitle "GM"]
[BlackTitle "GM"]
[WhiteElo "2530"]
[BlackElo "2581"]
[WhiteFideId "5074452"]
[BlackFideId "2021285"]
[EventDate "2016.12.17"]

1. e4 d6 2. d4 Nf6 3. Nc3 e6 4. g3 d5 5. Bg2 dxe4 6. Nxe4 Nxe4 7. Bxe4 Nd7 8.
Bg2 Be7 9. Ne2 O-O 10. O-O e5 11. a4 a5 12. Nc3 exd4 13. Qxd4 Nf6 14. Qf4 c6 15.
Be3 Be6 16. Rad1 Qb8 17. Qxb8 Rfxb8 18. Ne4 Bf5 19. Nxf6+ Bxf6 20. c3 Bc2 21.
Rd7 Bf5 22. Rdd1 Be6 23. h4 h6 24. Rfe1 Rd8 25. Bb6 Rxd1 26. Rxd1 Be7 27. Kh2
Kf8 28. Bh3 Bd5 29. Bg2 Be6 30. Bh3 Bd5 31. Bg2 1/2-1/2

[Event "London Classic Superrapid"]
[Site "London ENG"]
[Date "2016.12.17"]
[Round "3.12"]
[White "Cornette, Matthieu"]
[Black "Bisby, Daniel L"]
[Result "1-0"]
[WhiteTitle "GM"]
[BlackTitle "FM"]
[WhiteElo "2597"]
[BlackElo "2311"]
[WhiteFideId "620084"]
[BlackFideId "404586"]
[EventDate "2016.12.17"]

1. e4 e6 2. d4 d5 3. Nd2 a6 4. Ngf3 c5 5. exd5 exd5 6. dxc5 Bxc5 7. Nb3 Bb6 8.
Bg5 Nf6 9. Qe2+ Be6 10. Nfd4 Qe7 11. Nxe6 fxe6 12. g3 O-O 13. Bh3 e5 14. O-O-O
Nc6 15. Rxd5 Qf7 16. Rd6 Qg6 17. Bxf6 Qh6+ 18. f4 exf4 19. Qe6+ Kh8 20. Bc3 Qxe6
21. Bxe6 f3 22. Rd7 Be3+ 23. Nd2 Bh6 24. g4 Rae8 25. g5 Rxe6 26. gxh6 1-0

[Event "London Classic Superrapid"]
[Site "London ENG"]
[Date "2016.12.17"]
[Round "3.13"]
[White "Soumya, Swaminathan"]
[Black "Hawkins, Jonathan"]
[Result "0-1"]
[WhiteTitle "WGM"]
[BlackTitle "GM"]
[WhiteElo "2384"]
[BlackElo "2590"]
[WhiteFideId "5016193"]
[BlackFideId "412686"]
[EventDate "2016.12.17"]

1. e4 c6 2. d4 d5 3. Nc3 dxe4 4. Nxe4 Nd7 5. Bd3 Ngf6 6. Ng5 e6 7. Qe2 Bd6 8.
N1f3 h6 9. Ne4 Nxe4 10. Qxe4 Qc7 11. O-O b6 12. c4 Bb7 13. Qg4 g5 14. Qh3 O-O-O
15. Bd2 Rdg8 16. Ne1 c5 17. Bc3 cxd4 18. Bxd4 g4 19. Qh4 Ne5 20. Bxe5 Bxe5 21.
Rb1 Rd8 22. Be2 f5 23. Nd3 Bd6 24. Rfd1 h5 25. Qf6 Bxh2+ 26. Kf1 Rde8 27. c5 Qc6
28. cxb6 Qxg2+ 29. Ke1 axb6 30. Rbc1+ Kb8 31. Qd4 Qh1+ 32. Kd2 Qd5 33. Qxb6 Bf4+
34. Ke1 Bxc1 35. Rxc1 Qd8 36. Qb5 Qd6 37. Ne5 Rc8 38. Nd7+ Qxd7 39. Qxd7 Rxc1+
40. Kd2 Rc7 41. Qxe6 h4 42. Qxf5 Rd8+ 43. Ke3 Re7+ 44. Kf4 Rxe2 45. Qf6 Rxf2+ 0-1

[Event "London Classic Superrapid"]
[Site "London ENG"]
[Date "2016.12.17"]
[Round "3.14"]
[White "Ehlvest, Jaan"]
[Black "Dybowski, Jerzy"]
[Result "1-0"]
[WhiteTitle "GM"]
[BlackTitle "FM"]
[WhiteElo "2532"]
[BlackElo "2271"]
[WhiteFideId "4500016"]
[BlackFideId "1100610"]
[EventDate "2016.12.17"]

1. Nf3 f5 2. c4 Nf6 3. b4 c6 4. e3 d5 5. Bb2 e6 6. a3 Be7 7. Be2 O-O 8. O-O a5
9. b5 Nbd7 10. Nd4 Nb8 11. Qc2 e5 12. Nxf5 Ne4 13. Nxe7+ Qxe7 14. cxd5 cxd5 15.
Nc3 Qh4 16. Nxe4 Bf5 17. Qb3 Bxe4 18. f3 1-0

[Event "London Classic Superrapid"]
[Site "London ENG"]
[Date "2016.12.17"]
[Round "3.15"]
[White "Gindi, Shachar"]
[Black "Nunn, John D M"]
[Result "0-1"]
[WhiteTitle "FM"]
[BlackTitle "GM"]
[WhiteElo "2341"]
[BlackElo "2600"]
[WhiteFideId "2804182"]
[BlackFideId "400017"]
[EventDate "2016.12.17"]

1. e4 c5 2. Nf3 d6 3. Bb5+ Nd7 4. d4 Nf6 5. O-O a6 6. Bxd7+ Nxd7 7. c4 g6 8. Nc3
Bg7 9. a4 cxd4 10. Nxd4 O-O 11. a5 Ne5 12. b3 Nc6 13. Nxc6 bxc6 14. Qd3 Rb8 15.
Ra3 Be6 16. Be3 c5 17. Nd5 f5 18. Bg5 Rb7 19. Nf4 Bf7 20. exf5 gxf5 21. Qxf5
Bxc4 22. Qe4 Bxf1 23. Qxb7 Bb5 24. b4 cxb4 25. Re3 Qc8 26. Qd5+ e6 27. Qxe6+
Qxe6 28. Nxe6 Re8 29. Nxg7 Rxe3 30. Bxe3 Kxg7 31. f3 Kf6 32. Kf2 Ke5 33. Ke1 Kd5
34. Kd2 Bf1 35. g3 Kc4 36. Kc2 Bg2 37. f4 Bh3 38. Bd2 Kb5 39. Kd3 Kxa5 40. Ke4
Kb5 41. f5 a5 42. Kf4 a4 43. g4 Bf1 44. g5 a3 45. Bc1 Ka4 46. g6 hxg6 47. fxg6
b3 48. Bxa3 Kxa3 0-1

[Event "London Classic Superrapid"]
[Site "London ENG"]
[Date "2016.12.17"]
[Round "3.16"]
[White "Moussard, Jules"]
[Black "Therrien, Alex L"]
[Result "1-0"]
[WhiteTitle "GM"]
[BlackTitle "FM"]
[WhiteElo "2571"]
[BlackElo "2229"]
[WhiteFideId "642908"]
[BlackFideId "412856"]
[EventDate "2016.12.17"]

1. Nf3 d5 2. g3 Nf6 3. Bg2 Bf5 4. O-O e6 5. c4 c6 6. cxd5 exd5 7. d3 Be7 8. Nc3
O-O 9. Nd4 Bg6 10. e4 Na6 11. exd5 Nxd5 12. Nxd5 cxd5 13. Ne2 Bh5 14. h3 f6 15.
Re1 Qd7 16. Qb3 Bf7 17. d4 Nb4 18. Nc3 Rfd8 19. Be3 Nc6 20. Rac1 Rac8 21. Kh2
Bf8 22. h4 Na5 23. Qd1 Be6 24. Bf4 Bg4 25. Qa4 Qxa4 26. Nxa4 Rxc1 27. Rxc1 Nc6
28. Nc5 Nxd4 29. Nxb7 Rd7 30. Nc5 Rd8 31. Bc7 Rc8 32. Bxd5+ Kh8 33. Nd3 Be2 34.
Ba5 Re8 35. Nf4 Bf3 36. Bxf3 Nxf3+ 37. Kg2 Ne5 38. Rc7 g5 39. Nd5 Bg7 40. hxg5
fxg5 41. Bc3 a6 42. f4 gxf4 43. gxf4 Rg8 44. fxe5 Bxe5+ 45. Kf3 1-0

[Event "London Classic Superrapid"]
[Site "London ENG"]
[Date "2016.12.17"]
[Round "3.17"]
[White "Chapman, Terry P D"]
[Black "Hovhannisyan, Robert"]
[Result "0-1"]
[WhiteTitle "FM"]
[BlackTitle "GM"]
[WhiteElo "2233"]
[BlackElo "2630"]
[WhiteFideId "413399"]
[BlackFideId "13302507"]
[EventDate "2016.12.17"]

1. Nf3 d5 2. d4 Nf6 3. c4 e6 4. g3 Bb4+ 5. Bd2 Bd6 6. Bg2 c6 7. Qc2 Nbd7 8. O-O
O-O 9. Bf4 Bxf4 10. gxf4 b6 11. cxd5 cxd5 12. Nc3 Bb7 13. Rfc1 Qe7 14. e3 Rfc8
15. Qd3 Ne4 16. Ne5 Nd6 17. Nxd7 Qxd7 18. a4 a5 19. Qd1 Ba6 20. b3 Ra7 21. Bf1
Bxf1 22. Qxf1 Rac7 23. Ne2 h6 24. Rxc7 Rxc7 25. Rc1 Ne4 26. Rxc7 Qxc7 27. Qc1
Qd8 28. Ng3 Nd6 29. Qc6 g6 30. h3 Kg7 31. Kh2 h5 32. Ne2 Ne4 33. Ng3 Nd6 34. Qc2
Qd7 35. f3 Qd8 36. Qc6 Nc8 37. Kg2 Ne7 38. Qc3 Qd6 39. Kf2 Nc6 40. Ne2 Nb4 41.
Nc1 Qe7 42. Nd3 Qh4+ 43. Kg2 Nxd3 44. Qxd3 Qe1 45. e4 h4 46. exd5 exd5 47. Qf1
Qg3+ 48. Kh1 Qxf4 49. Qf2 g5 50. Kg2 Kf6 51. Kf1 Kg6 52. Kg2 Kg7 53. Kf1 Qf5 54.
Kg2 Qd3 55. Qb2 Qe3 56. b4 Qe1 57. bxa5 Qg3+ 58. Kf1 Qxf3+ 59. Ke1 Qh1+ 0-1

[Event "London Classic Superrapid"]
[Site "London ENG"]
[Date "2016.12.17"]
[Round "3.18"]
[White "Shabalov, Alexander"]
[Black "Coleman, David J"]
[Result "1-0"]
[WhiteTitle "GM"]
[BlackTitle "CM"]
[WhiteElo "2563"]
[BlackElo "2143"]
[WhiteFideId "2008572"]
[BlackFideId "402087"]
[EventDate "2016.12.17"]

1. e4 c5 2. Nf3 d6 3. d4 cxd4 4. Nxd4 Nf6 5. Nc3 a6 6. Be3 e6 7. g4 Nc6 8. g5
Nd7 9. h4 Be7 10. Qe2 Qa5 11. O-O-O Nc5 12. Kb1 Bd7 13. f4 b5 14. Nb3 Qc7 15.
Nxc5 dxc5 16. e5 Nb4 17. Bg2 Bc6 18. Bxc6+ Qxc6 19. a3 Nd5 20. Nxd5 exd5 21. Qf3
O-O-O 22. f5 Kb7 23. f6 Bf8 24. c3 gxf6 25. exf6 h6 26. Rhe1 hxg5 27. Bxg5 Bh6
28. Re7+ Ka8 29. Rxf7 Bxg5 30. hxg5 Rhe8 31. Re7 Rxe7 32. fxe7 Qg6+ 33. Ka1 Rd7
34. Qf8+ 1-0

[Event "London Classic Superrapid"]
[Site "London ENG"]
[Date "2016.12.17"]
[Round "3.19"]
[White "Zujev, Oleg"]
[Black "Svane, Rasmus"]
[Result "0-1"]
[BlackTitle "GM"]
[WhiteElo "2340"]
[BlackElo "2555"]
[WhiteFideId "12801585"]
[BlackFideId "4657101"]
[EventDate "2016.12.17"]

1. d4 Nf6 2. c4 e6 3. Nc3 Bb4 4. e3 O-O 5. Ne2 c6 6. a3 Ba5 7. b4 Bc7 8. Ng3 d5
9. cxd5 cxd5 10. f4 Nc6 11. Bd3 Bd7 12. O-O Ne7 13. Nh5 Ne8 14. Bd2 Rc8 15. Be1
g6 16. Bh4 gxh5 17. Bxh7+ Kg7 18. f5 f6 19. Qxh5 exf5 20. Rf3 Rh8 21. Bxf6+ Nxf6
22. Qg5+ Kf7 23. Bxf5 Bxf5 24. Rxf5 Nxf5 0-1

[Event "London Classic Superrapid"]
[Site "London ENG"]
[Date "2016.12.17"]
[Round "3.20"]
[White "Mayhew, Andrew"]
[Black "Gallagher, Joseph G."]
[Result "0-1"]
[BlackTitle "GM"]
[WhiteElo "2215"]
[BlackElo "2433"]
[WhiteFideId "405493"]
[BlackFideId "1303422"]
[EventDate "2016.12.17"]

1. e4 c5 2. d3 Nc6 3. g3 g6 4. Bg2 Bg7 5. f4 d6 6. Nf3 Rb8 7. O-O b5 8. Nc3 e6
9. Ne2 Nge7 10. g4 f5 11. gxf5 exf5 12. Ng3 O-O 13. Re1 Kh8 14. c3 b4 15. Bd2 a5
16. Qc2 Bd7 17. Re2 a4 18. a3 bxa3 19. Rxa3 Na5 20. e5 d5 21. e6 Be8 22. Be1 Qd6
23. Ne5 Nb3 24. Bf2 Qxe6 25. Nxg6+ Qxg6 26. Rxe7 Bc6 27. Bf3 Rfe8 28. Bh5 Rxe7
29. Bxg6 hxg6 30. Qd1 d4 31. c4 Bh6 32. Nxf5 gxf5 33. Qh5 Kg7 34. Qxf5 Rf8 35.
Qg4+ Kh7 36. Bg3 Rg7 37. Qh4 Rxf4 38. Qd8 Rff7 39. Rxb3 Be3# 0-1

[Event "London Classic Superrapid"]
[Site "London ENG"]
[Date "2016.12.17"]
[Round "3.21"]
[White "Speelman, Jon S"]
[Black "Stephan, Axel"]
[Result "0-1"]
[WhiteTitle "GM"]
[WhiteElo "2526"]
[BlackElo "2239"]
[WhiteFideId "400033"]
[BlackFideId "4632834"]
[EventDate "2016.12.17"]

1. d4 Nf6 2. Nf3 g6 3. c4 Bg7 4. Nc3 d5 5. cxd5 Nxd5 6. Bd2 Nb6 7. e3 O-O 8. Rc1
N8d7 9. e4 c5 10. d5 Nf6 11. Be3 Nbd7 12. h3 e5 13. dxe6 fxe6 14. Qb3 Qe7 15.
Be2 Kh8 16. O-O Nh5 17. Nb5 Nf4 18. Bxf4 Rxf4 19. Nc7 Rb8 20. Nxe6 Rxe4 21. Neg5
Rf4 22. Bc4 b5 23. Rfe1 bxc4 24. Qd1 Qf6 25. Re8+ Nf8 26. Ne6 Bxe6 27. Rxb8 Bxh3
28. Qd8 Qxd8 29. Rxd8 Bxb2 30. Rxc4 Rxc4 31. Rxf8+ Kg7 32. Rb8 Rc1+ 33. Kh2 Rc2
34. Kxh3 Rxf2 35. Rb7+ Kf6 36. Rxh7 c4 37. Rxa7 c3 38. Rc7 c2 0-1

[Event "London Classic Superrapid"]
[Site "London ENG"]
[Date "2016.12.17"]
[Round "3.22"]
[White "Storey, Charles H"]
[Black "Turner, Matthew J"]
[Result "0-1"]
[WhiteTitle "FM"]
[BlackTitle "GM"]
[WhiteElo "2255"]
[BlackElo "2523"]
[WhiteFideId "406686"]
[BlackFideId "402893"]
[EventDate "2016.12.17"]

1. d4 Nf6 2. c3 g6 3. Bf4 Bg7 4. e3 d6 5. h3 O-O 6. Nf3 b6 7. Nbd2 Bb7 8. Bc4
Nbd7 9. Qe2 e5 10. Bh2 e4 11. Ng1 a6 12. h4 b5 13. Bb3 Nb6 14. Nh3 c5 15. Nf4
cxd4 16. cxd4 Nbd5 17. Bxd5 Nxd5 18. Nxd5 Bxd5 19. Rc1 Qxh4 20. O-O Qe7 21. Qg4
f5 22. Qf4 Rad8 23. Qg3 g5 24. Qh3 Rf6 25. Rc3 Qf7 26. Rfc1 Rh6 27. Qg3 Qh5 28.
Rc8 Rxc8 29. Rxc8+ Bf8 30. b3 Rg6 31. Nf1 Rf6 32. Qxd6 Rxd6 33. Bxd6 Be6 34.
Rxf8+ Kg7 35. Ra8 Qg4 36. Be5+ Kf7 37. Ra7+ Ke8 38. Ra8+ Ke7 39. Ra7+ Bd7 40.
Rxa6 f4 41. Rh6 Bf5 42. a4 bxa4 43. bxa4 Qd1 44. exf4 e3 45. fxe3 Bd3 46. Kh2
Qxf1 47. Bf6+ Kd7 48. fxg5 Be4 49. Kg3 Qxg2+ 50. Kh4 Bf5 0-1

[Event "London Classic Superrapid"]
[Site "London ENG"]
[Date "2016.12.17"]
[Round "3.23"]
[White "Hebden, Mark L"]
[Black "Radovanovic, Jovica"]
[Result "1-0"]
[WhiteTitle "GM"]
[BlackTitle "FM"]
[WhiteElo "2492"]
[BlackElo "2351"]
[WhiteFideId "400084"]
[BlackFideId "915912"]
[EventDate "2016.12.17"]

1. d4 Nf6 2. Nf3 g6 3. Nc3 d5 4. Bf4 Bg7 5. Qd2 O-O 6. Bh6 Ne4 7. Qe3 Nxc3 8.
Bxg7 Kxg7 9. Qxc3 Nc6 10. e3 Qd6 11. Bb5 f6 12. Bxc6 bxc6 13. O-O Bg4 14. Nd2 e5
15. f3 Bf5 16. Rad1 exd4 17. exd4 Rae8 18. Rfe1 Re7 19. Rxe7+ Qxe7 20. Nf1 Qd6
21. Re1 g5 22. Re2 Rf7 23. b4 Bc8 24. a3 h5 25. Qe3 h4 26. Nd2 Bf5 27. Nb3 Kh7
28. Nc5 Rg7 29. Nb7 Qd7 30. h3 Bg6 31. Qe6 Qxe6 32. Rxe6 Bxc2 33. Rxc6 Bd3 34.
Nc5 Bc4 35. Rxf6 Rg6 36. Rf7+ Rg7 37. Rxg7+ Kxg7 38. Kf2 Kf7 39. g3 Bb5 40. a4
Be8 41. b5 Kf6 42. g4 c6 43. bxc6 Bxc6 44. Ke3 a5 45. f4 Be8 46. f5 Bc6 47. Nb3
Bxa4 48. Nxa5 Bb5 49. Kf2 Bd3 50. Nc6 Be4 51. Nb4 Kf7 52. Na2 Kf6 53. Nc3 Bh1
54. Nd1 Be4 55. Ne3 Kf7 56. Ke1 Ke7 57. Kd2 Kd6 58. Kc3 Bf3 59. Kb4 Kc6 60. Ka5
Be4 61. Ka6 Bf3 62. Ka7 Kc7 63. f6 Kd7 64. Kb6 Ke6 65. Kc5 Kxf6 66. Nxd5+ Ke6
67. Ne3 Be4 68. d5+ Ke5 69. d6 Ke6 70. Nd1 Kd7 71. Ne3 Bf3 72. Nc4 Ke6 73. Kb6
Bxg4 74. Kc7 Kd5 75. Ne3+ Ke4 76. Nxg4 Kd5 1-0

[Event "London Classic Superrapid"]
[Site "London ENG"]
[Date "2016.12.17"]
[Round "3.24"]
[White "Eames, Robert S"]
[Black "Blomqvist, Erik"]
[Result "0-1"]
[WhiteTitle "FM"]
[BlackTitle "GM"]
[WhiteElo "2187"]
[BlackElo "2567"]
[WhiteFideId "408743"]
[BlackFideId "1709437"]
[EventDate "2016.12.17"]

1. e4 c5 2. Nf3 e6 3. d4 cxd4 4. Nxd4 a6 5. Bd3 Bc5 6. Nb3 Be7 7. Qg4 g6 8. Nc3
d6 9. h4 Nd7 10. h5 Ngf6 11. Qe2 Nxh5 12. Rxh5 gxh5 13. Qxh5 Nf6 14. Qf3 h5 15.
Bd2 Bd7 16. O-O-O Rg8 17. Ne2 Qc7 18. Ba5 b6 19. Bc3 e5 20. Qe3 Rxg2 21. Qf3 Rg8
22. Kb1 a5 23. Rh1 b5 24. Ng3 a4 25. Nc1 Qc5 26. Nf5 Bxf5 27. Qxf5 b4 28. Bd2
Kd8 29. Be3 Qc6 30. Ne2 Kc7 31. Ng3 a3 32. Nxh5 Nxh5 33. Qxf7 Rg7 34. Qxh5 axb2
35. Qe2 Rxa2 36. Kxa2 Qc3 37. Bb6+ Kxb6 38. Qe3+ Kc6 39. Ba6 Qxc2 0-1

[Event "London Classic Superrapid"]
[Site "London ENG"]
[Date "2016.12.17"]
[Round "4.1"]
[White "Zinchenko, Yaroslav"]
[Black "McShane, Luke J"]
[Result "1/2-1/2"]
[WhiteTitle "GM"]
[BlackTitle "GM"]
[WhiteElo "2547"]
[BlackElo "2652"]
[WhiteFideId "14110547"]
[BlackFideId "404853"]
[EventDate "2016.12.17"]

1. e4 e5 2. Nf3 Nc6 3. Bb5 Nf6 4. O-O Nxe4 5. Re1 Nd6 6. Nxe5 Be7 7. Bf1 Nf5 8.
Nc3 Nxe5 9. Rxe5 d6 10. Re1 d5 11. d4 O-O 12. Bd3 c6 13. Ne2 Re8 14. c3 Bf8 15.
Ng3 Rxe1+ 16. Qxe1 Nxg3 17. hxg3 Be6 18. Bf4 Qd7 19. Qe2 Bf5 20. Bxf5 Qxf5 21.
Re1 h6 22. Qd1 Qd7 23. Qe2 a5 24. a4 b5 25. axb5 cxb5 26. Qf3 a4 27. Re5 Rd8 28.
Bd2 Qc6 29. g4 Qg6 30. Rf5 Qe6 31. Re5 Qg6 32. Rf5 Rd7 33. g3 Qc6 34. Re5 Rd8
35. Qe2 Qg6 36. Rf5 Qc6 37. Kg2 Qc4 38. Qxc4 bxc4 39. Re5 a3 40. bxa3 Bxa3 41.
Kf3 Kf8 42. Ke2 Be7 43. Kf3 Rd7 44. Re1 Rb7 45. Ra1 Bd8 46. Ke2 Ke7 47. Kd1 Kd7
48. Ra6 Bc7 1/2-1/2

[Event "London Classic Superrapid"]
[Site "London ENG"]
[Date "2016.12.17"]
[Round "4.2"]
[White "Cherniaev, Alexander"]
[Black "Bacrot, Etienne"]
[Result "0-1"]
[WhiteTitle "GM"]
[BlackTitle "GM"]
[WhiteElo "2439"]
[BlackElo "2689"]
[WhiteFideId "4117301"]
[BlackFideId "605506"]
[EventDate "2016.12.17"]

1. g3 g6 2. Bg2 Bg7 3. d4 d5 4. c4 Nf6 5. cxd5 Nxd5 6. Nf3 Nb6 7. Nc3 Nc6 8. e3
O-O 9. O-O Re8 10. Re1 Bd7 11. b3 e5 12. d5 e4 13. dxc6 Bxc3 14. cxd7 Qxd7 15.
Rb1 exf3 16. Qxf3 Bxe1 17. Bb2 Qd2 0-1

[Event "London Classic Superrapid"]
[Site "London ENG"]
[Date "2016.12.17"]
[Round "4.4"]
[White "Hector, Jonny"]
[Black "Howell, David W L"]
[Result "0-1"]
[WhiteTitle "GM"]
[BlackTitle "GM"]
[WhiteElo "2488"]
[BlackElo "2644"]
[WhiteFideId "1700090"]
[BlackFideId "410608"]
[EventDate "2016.12.17"]

1. e4 e5 2. Nf3 Nc6 3. Bc4 Bc5 4. c3 Nf6 5. d4 exd4 6. cxd4 Bb4+ 7. Nbd2 Nxe4 8.
d5 Ne7 9. O-O Nxd2 10. Bxd2 Bxd2 11. d6 cxd6 12. Qxd2 d5 13. Bxd5 O-O 14. Bb3 d5
15. Rfe1 a5 16. Rad1 Be6 17. Nd4 Qd6 18. Qe2 Ra6 19. a4 Rb6 20. Bc2 Qf4 21. g3
Qf6 22. b3 g6 23. Qd2 Rb4 24. Qe3 Nc6 25. Nxc6 bxc6 26. Qc5 Ra8 27. Rd2 Bg4 28.
h4 Kg7 29. Re3 h6 30. Kg2 g5 31. f3 Be6 32. h5 d4 33. Re5 Bd5 34. Rf5 Qe6 35.
Rxd4 Qe2+ 36. Kh3 Be6 37. Qc3 Rxd4 38. Qxd4+ Kg8 39. Qe4 Qxe4 40. Bxe4 Rb8 41.
g4 Bxf5 42. gxf5 Rxb3 43. Bxc6 Kg7 44. Kg4 Kf6 45. Be8 Rb8 46. Bb5 Rd8 0-1

[Event "London Classic Superrapid"]
[Site "London ENG"]
[Date "2016.12.17"]
[Round "4.5"]
[White "Iturrizaga Bonelli, Eduardo"]
[Black "Wells, Peter K"]
[Result "1-0"]
[WhiteTitle "GM"]
[BlackTitle "GM"]
[WhiteElo "2652"]
[BlackElo "2431"]
[WhiteFideId "3901211"]
[BlackFideId "400327"]
[EventDate "2016.12.17"]

1. Nf3 d5 2. c4 e6 3. g3 dxc4 4. Qa4+ Nd7 5. Bg2 a6 6. Qxc4 b5 7. Qc2 Bb7 8. O-O
c5 9. a4 Ngf6 10. Nc3 Qb6 11. d3 Be7 12. Qb3 Nd5 13. axb5 axb5 14. Rxa8+ Bxa8
15. Bd2 Bc6 16. Ra1 O-O 17. Ne1 N7f6 18. Nc2 h6 19. Ne3 Nxe3 20. Bxc6 Qxc6 21.
Bxe3 b4 22. Qa4 Qc8 23. Nb5 e5 24. Qa7 Nd5 25. Bxh6 gxh6 26. e4 Nf4 27. Qxe7
Nxd3 28. Qd6 Rd8 29. Qxh6 Nf4 30. Qg5+ Ng6 31. h4 Kh7 32. Ra7 Rd7 33. h5 Rxa7
34. hxg6+ fxg6 35. Nxa7 Qd7 36. Qxe5 Qxa7 37. Kg2 c4 38. Qb5 Qd4 39. Qb7+ Kh6
40. Qxb4 Qxe4+ 41. Kh2 Qf3 42. Qd2+ Kh7 43. Qd7+ Kh6 44. Qd4 g5 45. Kg1 Qc6 46.
Kf1 Kg6 47. Ke2 Qb5 48. Ke3 Qb3+ 49. Ke4 Qb7+ 50. Ke3 Qb3+ 51. Ke2 Qc2+ 52. Kf3
Qf5+ 53. Ke3 Qb5 54. g4 Qb3+ 55. Ke2 Qb5 56. Kf3 Qb3+ 57. Kg2 Qc2 58. Qd6+ Kg7
59. Qe5+ Kg6 60. Qd4 Qe2 61. Kg3 Kf7 62. Qd5+ Kg6 63. Qf5+ Kh6 64. Qf6+ Kh7 65.
Qf7+ 1-0